000 02015cam a22006254i 4500
003 PE-LiUPU
005 20250731170418.0
008 17073 s2013 mau rb 001 0 eng d
020 _a900424333X
020 _a9789004243330
035 _a(Sirsi) a237854
040 _aPE-LiUPU
_bspa
_cPE-LiUPU
_erda
049 _aPRUA
082 0 4 _a181.06
_bF8
_223
245 0 0 _aFrom phenomenology to existentialism :
_bthe philosophy of Rabbi Joseph B. Soloveitchik. Volume 2 /
_cby Dov Schwartz.
264 1 _aLeiden :
_bBrill,
_c2013.
300 _axix, 414 páginas ;
_c25 centimetros.
336 _atext
_2rdacontent
337 _aunmediated
_2rdamedia
338 _avolume
_2rdacarrier
490 0 _aSupplements to The journal of Jewish thought and philosophy,
_x1873-9008 ;
_vv. 19
504 _aÍndices: páginas 377-389.
505 0 _apt. 1. Consciousness -- pt. 2. Existence.
526 _aSEG68
526 _aSEG70
526 _aSEG69
526 _aSEG67
526 _aSEG43
526 _aP144
526 _aP143
526 _aP131
526 _aP122
526 _aP120
526 _aP117
526 _aP112
526 _aP110
526 _aP106
526 _aP101
526 _aP80
526 _aP59
526 _aP54
526 _aP35
526 _aP33
526 _aP30
650 0 _aLey judía
_xFilosofía.
650 0 _aFilosofía judía.
700 1 _aSchwartz, Dov,
_editor.
910 _ajck
_bjvq
_cjpc
_d2017073
942 _2ddc
_cBOOK
949 _a181.06 F8
_wDEWEY
_c1
_i76424
_lCATALOGING
_mBUL
_p166.00
_r0
_sY
_tBOOK
_u2017-07-3
_xTEOLOGÍA
_zTEOLOGÍA
_0COMPRA
_o.CIRCNOTE. El documento es de alto precio.
_o.STAFF. Colección Teología
994 _aC0
_bPEPRU
596 _a1
999 _a181.06 F8
_wDEWEY
_c24553
_i76424
_f2021-11-9
_g4
_lCCODEBUL1
_mBUL
_p166.00
_r0
_sY
_tBOOK
_u2017-7-3
_xTEOLOGIA
_PP35
_0COMPRA
_o.STAFF. Colección Teología
_d24553
980 _81
_gALBERTO SANCHEZ Responsable de Automatización